00943 2200301 4500001002100000005001500021035002000036007000300056008004100059020002200100040002200122082001500144084001700159090002200176100002800198245010600226250003800332300003000370650004600400850001200446504003300458264003200491336002100523337003000544338002300574999002200597990002200619INLIS00000000089456320250324091034 a0010-0325000644ta250324s2024 yoia g 000 | ind d a978-623-02-9842-4 aYOPDYOGbinderda04223a001.42 a001.42 RUP m aCB-D.11 2024-57500 aRupa MatheusePengarang10aMetode penelitian penyuluhan pertanian :bdari konsep hingga implementasi di lapangan /cRupa Matheus aCetakan Pertama, 23 Desember 2024 axvi, 282 halaman :b23 cm 4aMetode penelitian--xPenyuluhan pertanian aYOPDYOG aBibliografi: halaman 263-26631aSleman :bDeepublish,c2024 2rdacontentateks 2rdamediaatanpa perantara 2rdacarrieravolume aCB-D.11/2024-5750 aCB-D.11/2024-5750